| 000 | 01237cam a2200361 i 4500 | ||
|---|---|---|---|
| 999 |
_c527065 _d527065 |
||
| 001 | 20126327 | ||
| 003 | NUST | ||
| 005 | 20190718144307.0 | ||
| 008 | 171103t20192019nyua 001 0 eng | ||
| 010 | _a 2017050943 | ||
| 020 | _a9780134733821 | ||
| 038 | _aAzhar | ||
| 040 |
_aDLC _beng _cDLC _erda _dDLC |
||
| 042 | _apcc | ||
| 050 | 0 | 0 |
_aHG173 _b.M632 2018b |
| 082 | 0 | 0 |
_a332 _223 _bMIS |
| 100 | 1 |
_aMishkin, Frederic S., _eauthor. _918138 |
|
| 245 | 1 | 4 |
_aThe economics of money, banking, and financial markets / _cFrederic S. Mishkin, Columbia University. |
| 250 | _aTwelfth Edition. | ||
| 264 | 1 |
_aNew York : _bPearson, _c[2018] |
|
| 300 |
_axlix, 622 pages : _billustrations ; _c26 cm |
||
| 336 |
_atext _btxt _2rdacontent |
||
| 337 |
_aunmediated _bn _2rdamedia |
||
| 338 |
_avolume _bnc _2rdacarrier |
||
| 500 | _aRevised edition of the author's The economics of money, banking, and financial markets, [2016] | ||
| 500 | _aIncludes index. | ||
| 650 | 0 |
_aFinance. _913793 |
|
| 650 | 0 |
_aMoney. _918139 |
|
| 650 | 0 |
_aBanks and banking. _910658 |
|
| 906 |
_a7 _bcbc _corignew _d1 _eecip _f20 _gy-gencatlg |
||
| 942 |
_2ddc _cBK |
||